El kybalion : un estudio sobre la filosofía hermética del antiguo Egipto y Grecia /

El Kybalión consiste en un conjunto de principios herméticos formuladas por Hermes Trismegisto, considerado como el padre de la alquimia y del ocultismo. La presente obra explica el contenido de esos principios para auxiliar a los estudiantes en la comprensión de las doctrinas secretas.

Guardat en:
Dades bibliogràfiques
Altres autors: Atkinson, William Walker
Format: Llibre
Idioma:espanyol
Publicat: Madrid, España : Arkano, 2024, c2024
Matèries:
Etiquetes: Afegir etiqueta
Sense etiquetes, Sigues el primer a etiquetar aquest registre!

MARC

LEADER 00000nam^a2200000^a^4500
001 000628659
005 20260220000000.0
009 20260310134117.47
020 |a 978-84-19510-53-2 
037 |a Acervo ITESO - Biblioteca 
041 |a ESP 
082 |a 135. 4  |b KYB 
245 0 3 |a El kybalion :  |b un estudio sobre la filosofía hermética del antiguo Egipto y Grecia /  |c Atribución a W.W. Atkinson ; tr. por Jorge Viñes Roig. 
264 4 |a Madrid, España :  |b Arkano,  |c 2024, c2024 
300 |a 158 p. 
336 |a texto  |b txt  |2 rdacontenido 
337 |a sin mediación  |b n  |2 rdamedio 
338 |a volumen  |b nc  |2 rdasoporte 
500 |a Traducción de: The Kybalion 
520 |a El Kybalión consiste en un conjunto de principios herméticos formuladas por Hermes Trismegisto, considerado como el padre de la alquimia y del ocultismo. La presente obra explica el contenido de esos principios para auxiliar a los estudiantes en la comprensión de las doctrinas secretas. 
521 |a Peticiones 2026 
649 |a XX 
650 |a Percepción Extrasensorial 
650 |a Fenómenos Paramentales 
650 |a Lo Sobrenatural 
650 |a Causalidad 
650 |a Esoterismo -  |x Tema Principal 
650 |a Ciencias Ocultas -  |x Tema Principal 
700 |a Atkinson, William Walker  |j (atribución) 
910 |a Fondo General 
920 |a Impresos - Libros 
930 |a Colección General 
905 |a 101 
901 |a 628659-10  |b IT1  |c ACC  |d EN  |i C193407  |u 20260220 
902 |a https://opac.biblio.iteso.mx/vufind/Record/000628659